| 000 | 00898nam a2200253Ia 4500 | ||
|---|---|---|---|
| 003 | OSt | ||
| 005 | 20220918110920.0 | ||
| 006 | a|||||r|||| 00| 0 | ||
| 007 | ta | ||
| 008 | 220915b |||||||| |||| 00| 0 hin d | ||
| 020 |
_a8170166322 (hbk) _c6300 |
||
| 024 | _a260177 | ||
| 037 |
_bIN-01144, 16/02/2011, Kitab Ghar Prakashan _cReference Collections |
||
| 040 |
_aARTS _cARTS _bhin |
||
| 041 |
_2hin _ahin |
||
| 082 | _aI:(P152:4k), P5.1-.6(RR) | ||
| 100 | _aबेदी, रामेश | ||
| 245 | 0 | _aबेदी वनस्पति कोश | |
| 246 | _aBedī vanaspati kosha | ||
| 260 |
_aनई दिल्ली _bकिताबघर भारत _c2005 |
||
| 490 | _vभाग 1 | ||
| 942 |
_hI:(P152:4k), P5.1-.6(RR) _cREF |
||
| 999 |
_c115713 _d115713 |
||